| 000 | 01461cam a22003974a 4500 | ||
|---|---|---|---|
| 001 | 175286412 | ||
| 003 | OSt | ||
| 005 | 20150408114118.0 | ||
| 008 | 071017s2008 enka bf 001 0 eng | ||
| 010 | _a2007043122 | ||
| 020 | _a9780195301205 (alk. paper) | ||
| 020 | _a019530120X (alk. paper) | ||
| 035 | _a(OCoLC)175286412 | ||
| 040 | _aMa-Un | ||
| 042 | _apcc | ||
| 050 | 0 | 0 |
_aRD82.2 _b.M42 2008 |
| 060 | 1 | 0 |
_aWO 39 _bM4787o 2008 |
| 082 | 0 | 0 |
_a617.96 _222 |
| 100 | 1 |
_aMcQuillan, Patrick M. _921362 |
|
| 245 | 1 | 0 |
_aOxford American handbook of anesthesiology / _cPatrick M. McQuillan ; with Keith G. Allman, Iain H. Wilson. |
| 246 | 3 | 0 | _aHandbook of anesthesiology. |
| 260 |
_aOxford ; _aNew York : _bOxford University Press, _c2008. |
||
| 300 |
_axxii, 1194 p. : _bill. ; _c19 cm. |
||
| 440 | 0 | _aOxford American handbooks. | |
| 440 | 0 |
_aOxford medical publications. _917607 |
|
| 500 | _aAdapted from: Oxford handbook of anaesthesia / edited by Keith G. Allman and Iain H. Wilson. 2nd ed. 2006. | ||
| 504 | _aIncludes bibliographical references and index. | ||
| 650 | 0 |
_aAnesthesiology _vHandbooks, manuals, etc. _910743 |
|
| 650 | 2 |
_aAnesthesia _xmethods _vHandbooks. _921363 |
|
| 650 | 2 |
_aAnesthetics _vHandbooks. _910742 |
|
| 650 | 2 |
_aSurgical Procedures, Operative _vHandbooks. _921364 |
|
| 700 | 1 |
_aAllman, Keith. _921365 |
|
| 700 | 1 |
_aWilson, Iain, _cDr. _921366 |
|
| 730 | 0 |
_aOxford handbook of anaesthesia. _921367 |
|
| 942 |
_2ddc _cBOOK |
||
| 999 |
_c27911 _d262411 |
||